书目信息 |
| 题名: |
化学吸附的量子力学绘景
|
|
| 作者: | 张辉 , 刘士阳 , 张国英 著 | |
| 分册: | ||
| 出版信息: | 北京 科学出版社 2004.06 |
|
| 页数: | 224页 | |
| 开本: | 24cm | |
| 丛书名: | ||
| 单 册: | ||
| 中图分类: | O647.32 | |
| 科图分类: | ||
| 主题词: | 量子力学--化学吸附 , 量子力学 , 化学吸附 | |
| 电子资源: | ||
| ISBN: | 7-03-013539-3 | |
| 000 | 00778nam0 2200265 45 | |
| 001 | 012004000000 | |
| 005 | 20050117155438.33 | |
| 010 | @a7-03-013539-3@dCNY 45.00 | |
| 100 | @a20041122d2004 em y0chiy0121 ea | |
| 101 | 0 | @achi |
| 102 | @aCN@b110000 | |
| 105 | @aak z 000yy | |
| 200 | 1 | @a化学吸附的量子力学绘景@Ahua xue xi fu de liang zi li xue hui jing@f张辉, 刘士阳, 张国英著 |
| 210 | @a北京@c科学出版社@d2004.06 | |
| 215 | @a224页@c图, 表格@d24cm | |
| 320 | @a本书末附参考文献 | |
| 606 | 0 | @a量子力学@x化学吸附 |
| 606 | 0 | @a量子力学 |
| 606 | 0 | @a化学吸附 |
| 690 | @aO647.32@v4 | |
| 701 | 0 | @a张辉@Azhang hui@4著 |
| 701 | 0 | @a刘士阳@Aliu shi yang@4著 |
| 701 | 0 | @a张国英@Azhang guo ying@4著 |
| 801 | 0 | @aCN@bQSSKcyc@c20050117 |
| 905 | @a10447@dO647.32@eZ113 | |
| 化学吸附的量子力学绘景/张辉, 刘士阳, 张国英著.-北京:科学出版社,2004.06 |
| 224页:图, 表格;24cm |
| ISBN 7-03-013539-3:CNY 45.00 |
| ● |
| 相关链接 |
|
|
|
正题名:化学吸附的量子力学绘景
索取号:O647.32/Z113
 
预约/预借
| 序号 | 登录号 | 条形码 | 馆藏地/架位号 | 状态 | 备注 |
| 1 | 438231 | 204382319 | 自科库401/401自科库 64排7列5层/ [索取号:O647.32/Z113] | 在馆 | |
| 2 | 438232 | 204382328 | 自科库401/401自科库 64排7列5层/ [索取号:O647.32/Z113] | 在馆 | |
| 3 | 438233 | 204382337 | 自科库401/401自科库 64排7列5层/ [索取号:O647.32/Z113] | 在馆 |